Rozpoznávanie obrazu na mobilnom zariadení
Saved in:
| Main Author: | |
|---|---|
| Other Authors: | |
| Format: | Manuscript Book |
| Language: | Slovak |
| Published: |
2016
|
| Subjects: | |
| Online Access: | http://is.stuba.sk/zp/portal_zp.pl?podrobnosti=106463 |
| Tags: |
No Tags, Be the first to tag this record!
|
MARC
| LEADER | 00000ntm a22000003a 4500 | ||
|---|---|---|---|
| 001 | stuzp59141 | ||
| 003 | SK-STU | ||
| 005 | 20160719155757.3 | ||
| 007 | ta | ||
| 008 | 150427s2015----xo-----f-mn---000-0-slo-d | ||
| 040 | |a STU |b slo | ||
| 041 | 0 | |a slo | |
| 100 | 1 | |a Kipila, Ondřej |u 070200 |4 aut |U FIIT Fakulta informatiky a informačných technológií |T FIIT Ústav informatiky, informačných systémov a softvérového inžinierstva |X 72152 |U I200 |Y 179 |7 72152 | |
| 242 | 0 | 1 | |a Image Recognition on Mobile Device |y eng |
| 245 | 1 | 0 | |a Rozpoznávanie obrazu na mobilnom zariadení |
| 260 | |c 2016 | ||
| 650 | 4 | |a mobilná aplikácia |2 slo | |
| 650 | 4 | |a rozpoznávanie obrazu |2 slo | |
| 650 | 4 | |a Android |2 slo | |
| 650 | 4 | |a image recognition |2 eng | |
| 650 | 4 | |a Android |2 eng | |
| 650 | 4 | |a mobile application |2 eng | |
| 700 | 1 | |a Lacko, Peter |u 070200 |k Z1 |4 ths |U FIIT Fakulta informatiky a informačných technológií |T FIIT Ústav informatiky, informačných systémov a softvérového inžinierstva |X 1780 |U I200 |Y 179 |7 1780 | |
| 856 | 4 | |u http://is.stuba.sk/zp/portal_zp.pl?podrobnosti=106463 | |
| 996 | |b 8100 |c I* BAP 81/2016 |l II680 |s P |a 0 |w stuzp59141_0001 | ||
| SQL | |a stuzp59141 |b DBP |c SLO |d Rozpoznávanie obrazu na mobilnom zariadení |e 72152 |f Kipila, Ondřej |g 070200 |h 1780 |i Lacko, Peter |j 20160620 |k 202 |l 07 |m http://is.stuba.sk/zp/portal_zp.pl?podrobnosti=106463 |n B-INFO |o 9.2.1. informatika | ||